LEADER 01332nam 2200445 450 001 9910794873003321 005 20230808205409.0 010 $a1-910419-09-5 010 $a1-910419-08-7 035 $a(CKB)4330000000072280 035 $a(MiAaPQ)EBC5092536 035 $a(EXLCZ)994330000000072280 100 $a20171109h20162016 uy 0 101 0 $aeng 135 $aurcnu|||||||| 181 $2rdacontent 182 $2rdamedia 183 $2rdacarrier 200 10$aLiposomal delivery systems$hVolume 2 $eadvances and challenges /$fAbdus Samad, Sarwar Beg, Iram Nazish 210 1$aLondon, England :$cFuture Science Ltd,$d2016. 210 4$dİ2016 215 $a1 online resource (133 pages) $ccolor illustrations 225 0 $aLiposomal delivery systems : Advances and Challenges,$x2047-332X ;$vVolume 2 311 $a1-910419-10-9 320 $aIncludes bibliographical references. 606 $aTumors$xDiagnosis 606 $aLiposomes 615 0$aTumors$xDiagnosis. 615 0$aLiposomes. 676 $a574.8734 700 $aSamad$b Abdus $01463577 702 $aBeg$b Sarwar 702 $aNazish$b Iram 801 0$bMiAaPQ 801 1$bMiAaPQ 801 2$bMiAaPQ 906 $aBOOK 912 $a9910794873003321 996 $aLiposomal delivery systems$93672901 997 $aUNINA LEADER 01973nam 2200589 a 450 001 9910782697003321 005 20230607222351.0 010 $a1-281-30755-6 010 $a9786611307554 010 $a92-4-068232-5 035 $a(CKB)1000000000689249 035 $a(EBL)329022 035 $a(OCoLC)476127831 035 $a(SSID)ssj0000344865 035 $a(PQKBManifestationID)11232327 035 $a(PQKBTitleCode)TC0000344865 035 $a(PQKBWorkID)10313711 035 $a(PQKB)11625652 035 $a(MiAaPQ)EBC329022 035 $a(Au-PeEL)EBL329022 035 $a(CaPaEBR)ebr10214519 035 $a(CaONFJC)MIL130755 035 $a(OCoLC)437197160 035 $a(EXLCZ)991000000000689249 100 $a20081023d2002 uy 0 101 0 $aeng 135 $aur|n|---||||| 181 $ctxt 182 $cc 183 $acr 200 14$aThe optimal duration of exclusive breastfeeding$b[electronic resource] $ea systematic review /$fMichael S. Kramer, Ritsuko Kakuma 210 $aGeneva $cDept. of Nutrition for Health and Development, Dept. of Child and Adolescent Health and Development, World Health Organization$d2002 215 $a1 online resource (52 p.) 300 $a"WHO/NHD/01.08; WHO/FCH/CAH/01.23." 311 $a92-4-159564-7 320 $aIncludes bibliographical references. 606 $aBreastfeeding 606 $aInfants$xNutrition 615 0$aBreastfeeding. 615 0$aInfants$xNutrition. 676 $a613.2/69 700 $aKramer$b Michael S.$f1948-$01539492 701 $aKakuma$b Ritsuko$01539493 712 02$aWorld Health Organization.$bDept. of Child and Adolescent Health and Development. 712 02$aWorld Health Organization.$bNutrition for Health and Development. 801 0$bMiAaPQ 801 1$bMiAaPQ 801 2$bMiAaPQ 906 $aBOOK 912 $a9910782697003321 996 $aThe optimal duration of exclusive breastfeeding$93790427 997 $aUNINA LEADER 05230nam 2200649 450 001 9910787254703321 005 20230803210430.0 010 $a1-61075-550-2 035 $a(CKB)3710000000290715 035 $a(EBL)2007813 035 $a(SSID)ssj0001467426 035 $a(PQKBManifestationID)11865269 035 $a(PQKBTitleCode)TC0001467426 035 $a(PQKBWorkID)11516029 035 $a(PQKB)11173726 035 $a(MiAaPQ)EBC2007813 035 $a(OCoLC)898051608 035 $a(MdBmJHUP)muse42316 035 $a(Au-PeEL)EBL2007813 035 $a(CaPaEBR)ebr10988141 035 $a(CaONFJC)MIL796189 035 $a(EXLCZ)993710000000290715 100 $a20140304d2014 uy| 0 101 0 $aeng 135 $aur|n|---||||| 181 $ctxt 182 $cc 183 $acr 200 10$aAmerican appetites $ea documentary reader /$fedited by Jennifer Jensen Wallach and Lindsey R. Swindall 210 1$aFayetteville, Arkansas :$cUniversity of Arkansas Press,$d2014. 215 $a1 online resource (406 p.) 225 0 $aFood and foodways 300 $aDescription based upon print version of record. 311 $a1-55728-668-X 320 $aIncludes bibliographical references and index. 327 $aCover Page; Title Page; Copyright Page; Dedication; Contents; Series Editor's Preface; Acknowledgments; Introduction; 1 - Foundational Food; The Arapaho Learn How to Hunt Buffalo; The Iroquois Learn to Grow Beans, Corn, and Squash Together; Spanish Explorer Francisco Va?squez de Coronado Encounters Pueblo Food, 1540; Athanase de Me?zie?res Describes Wichita Food Habits in Eighteenth-Century Texas; Antoine-Simon Le Page du Pratz Describes the Food of Eighteenth-Century Louisiana; Engravings by Jacques Le Moyne de Morques Depict Native American Subsistence Strategies in Sixteenth-Century Florida 327 $a2 - Colonial Culinary EncountersEnglishman John Gerarde Evaluates the Nutritional Value of Maize, 1597; Olaudah Equiano Describes the Food of Seventeenth-Century Igbo; Alexander Falconbridge Describes the Food of the Middle Passage; Colonial Advertisement Offering Slaves for Sale Who Had Experience Cultivating Rice; Wahunsonacock Advises the English Residents of Jamestown Not to Steal Food from Native Americans; Captain John Smith Describes the Starving Time of 1609-1610; The Colonists at Plimoth Plantation Celebrate Their 1621 Harvest 327 $aMassachusetts Colonist Mary Rowlandson Describes the Food Eaten by the Algonquin Who Held Her Captive in 1675 and 1676An Indentured Servant in Virginia Begs His Parents for Food, 1623; 3 - Developing a National Cuisine; Cotton Mather Describes Religious Fasting, 1683; Changing Fireplace Technology; Sarah Kemble Knight Describes Dining During a 1704 Journey from Boston to New Haven; Cartoon Depicting Colonial Response to the British Tax on Tea, 1774; New York Coffeehouse, 1797; Excerpts from the First American Cookbook 327 $aBenjamin Franklin Gives Advice about Eating and Drinking in Poor Richard's AlmanackThomas Jefferson Requests American Food while Living in France; Kitchen Inventory at Monticello Created by James Hemings; In a Letter to James Monroe, James Madison Reacts to Diplomatic Scandal over Dining Etiquette; 4 - Nineteenth-Century Expansion; Lydia Maria Child Advises American Women, 1832; Memoir of a Wagon Train to California, 1849; Cowboys Eating on the Range; Song about John Chinaman, 1850s; Laguna Pueblo Women Grinding Corn; Rose Wilder Lane's Memoir of Life in the West, 1880s 327 $a5 - Foodways during Enslavement and WarRecipes and Advice for Southern Cooks, 1824; Frederick Douglass Recalls Childhood Hunger, 1845; Harriet Jacobs's Memoir, 1861; Diary of a Soldier from Illinois, 1862; Bread Riot in Richmond, 1863; Lincoln Declares a Day of National Thanksgiving, 1863; Union Officers Dining in the Field, 1864; Recipes and Counsel for Southern Women after the War, 1867; 6 - Eating in an Age of Decadence and Empire; Criticism of Conspicuous Consumption, 1903; Dinner Party Etiquette in 1877; The Nation Magazine Comments on the "Servant Problem"; Dinner at Delmonico's 327 $aAdvice on How to Achieve the Ideal Body Type in the Nineteenth Century 330 $a